000 00651nam a2200229Ia 4500
005 20230504112725.0
008 131103s9999 xx 000 0 und d
020 _aSBN 850361559
_cRs.40
040 _aLoreto College
041 _aEnglish
082 _a330
_bBUK
100 _aBurharin,Nikolai
245 _aImprealism and world economy
_cNikolai Bukharin;with an introduction by V.I.Lenin
260 _aLondon
_bThe Merlin Press
_c1972
300 _a173 p.
_b ill.,tables
504 _aIncludes bibliographical references and index
650 _aEconomics
651 _aImprealism
700 _aLenin,V.I.
850 _aLCLIB
942 _cBK
999 _c7307
_d57786